000 00629nam a2200205Ia 4500
005 20260429112158.0
008 260429s9999||||xx |||||||||||||| ||und||
020 _a9789811271656
041 _aEnglish
082 _a330.917
_bCOH
100 _aCohen, Jeffrey P.
245 0 _aUrban economics, real estate, transportation and public policy /
_cJeffrey P. Cohen
250 _a1st ed.
260 _aNew Jersey :
_bWorld Scientific,
_c2024.
300 _aviii, 252 p.; hb
440 _aWorld scientific series on public policy and technological innovation
650 _a Public policy
650 _aEconomics
942 _cTB
999 _c52754
_d52754